[Event "ACL-M081"]
[Site "www.playchess.de"]
[Date "2006.01.21"]
[Round "5"]
[White "COSMAC"]
[Black "MENO"]
[WhiteElo "1996"]
[BlackElo "1915"]
[PlyCount "106"]
[Result "1/2-1/2"]

1.e4 {Greetings Meno Good Hunting.....COSMAC}  c5 
{thanks Cosmac, good game}  2.Nf3 Nc6 3.Bb5 g6 
4.O-O Bg7 5.d3 Nf6 6.Bg5 d5 7.Nbd2 Qb6 8.exd5 Qxb5 
9.c4 Qa6 10.dxc6 Qxc6 11.Re1 h6 12.Bh4 O-O 13.Rxe7 
Nh5 14.Ne4 Bg4 15.h3 Bxf3 16.Qxf3 f5 17.Nd2 Qxf3 
18.Nxf3 g5 19.Bg3 g4 20.Nh2 Nxg3 21.fxg3 Bxb2 
22.Rb1 Bd4+ 23.Kh1 h5 24.Rexb7 Rf7 25.Rxf7 Kxf7 
26.Nf1 Re8 27.Rd1 Re6 28.a4 Ra6 29.Nd2 Rxa4 30.Nb3 
Ra3 31.Nxd4 cxd4 32.Kg1 a5 33.hxg4 hxg4 34.Rb1 a4 
35.Rb7+ Kf6 36.Rb6+ Ke7 37.Ra6 Kd7 38.c5 Kc7 
39.Kh1 Ra1+ 40.Kh2 Ra2 41.Kg1 a3 42.Kh2 Rd2 
43.Rxa3 Kc6 44.Kg1 Kxc5 45.Rb3 Re2 46.Rb8 Re3 
47.Rc8+ Kb5 48.Rb8+ Ka4 49.Kf1 Rxd3 50.Ke1 Ka3 
51.Rb5 Rxg3 52.Rd5 Rxg2 53.Rxd4 Rc2 {(offering 
draw) do you agree for a draw ?} 
 1/2-1/2

[Event "HCL-C4063"]
[Site "www.playchess.de"]
[Date "2006.01.21"]
[Round "2"]
[White "cheloveck"]
[Black "mudelta"]
[WhiteElo "976"]
[BlackElo "1125"]
[PlyCount "60"]
[Result "0-1"]

1.d4 d5 {hi goodluck and a happy newyear}  2.Nc3 
c6 3.Nf3 Bg4 4.h3 Bxf3 5.gxf3 Nf6 6.Bg2 Nbd7 7.Bf4 
g6 8.Qd2 Bg7 9.O-O-O O-O 10.Bh6 b5 11.Bxg7 Kxg7 
12.h4 e5 13.f4 e4 14.f3 b4 15.Na4 Qa5 16.b3 Nb6 
17.Nb2 Qxa2 18.Qxb4 Qa1+ 19.Kd2 Qxb2 20.Rdb1 a5 
21.Qxb6 e3+ 22.Kd3 Qa3 23.Kxe3 Rfe8+ 24.Kf2 Qd6 
25.e3 Nd7 26.Qb7 Rab8 27.Qa6 Qb4 28.Qxc6 Qd2+ 
29.Kg3 Nf6 30.Rbd1 Qxe3 0-1

[Event "HCL-A2515"]
[Site "www.playchess.de"]
[Date "2006.01.21"]
[Round "7"]
[White "sonnygarcia"]
[Black "Kinslayer"]
[WhiteElo "1006"]
[BlackElo "1900"]
[PlyCount "86"]
[Result "0-1"]

1.e4 c5 {Hi!}  2.Nf3 {Hello!}  Nc6 3.d4 cxd4 
{where are you from?}  4.Nxd4 Nf6 5.Nc3 e5 6.Ndb5 
d6 7.Bg5 a6 8.Na3 Be6 9.Nd5 Bxd5 10.exd5 Qa5+ 
11.c3 Qxd5 12.Bxf6 Qxd1+ 13.Rxd1 gxf6 14.Nc4 Rd8 
15.Nb6 f5 16.h4 Bg7 17.h5 h6 18.Nc4 Ke7 19.Bd3 e4 
20.Bc2 Ke6 21.O-O d5 22.Ne3 Ne7 23.Bb3 f4 24.Ng4 
Kf5 25.f3 e3 26.Rfe1 Kg5 27.g3 fxg3 28.Kg2 f5 
29.Nxe3 d4 30.cxd4 Rxd4 31.Kxg3 f4+ 32.Kf2 fxe3+ 
33.Kxe3 Nf5+ 34.Kf2 Rhd8 35.Rdc1 R4d2+ 36.Re2 
Rxe2+ 37.Kxe2 Nd4+ 38.Kf2 Nxb3 39.axb3 Rd2+ 40.Ke3 
Rxb2 41.Rc7 Rxb3+ 42.Kd2 Be5 43.Ke2 
Bxc7 0-1

[Event "HCL-B3787"]
[Site "www.playchess.de"]
[Date "2006.01.21"]
[Round "1"]
[White "haidi"]
[Black "arsenic"]
[WhiteElo "1100"]
[BlackElo "1072"]
[PlyCount "64"]
[Result "0-1"]

1.d4 e6 2.e4 d5 3.e5 c5 4.b3 cxd4 5.Qxd4 Nc6 6.Qe3 
Nge7 7.Nf3 Nf5 8.Qd2 Bb4 9.c3 Ba5 10.b4 Bc7 11.Bb5 
Bd7 12.O-O a6 13.Bxc6 Bxc6 14.Re1 f6 15.Qd3 Bb5 
16.Qc2 O-O 17.Bf4 Bb6 18.Nbd2 Rc8 19.g4 Ne7 20.Qb3 
fxe5 21.Bxe5 Ng6 22.Bg3 Bc4 23.Qc2 Qf6 24.Bd6 Rf7 
25.Qd1 Nf4 26.Nxc4 dxc4 27.Qd2 Nh3+ 28.Kg2 Qxf3+ 
29.Kf1 Bxf2 30.Bc5 Be3+ 31.Qf2 Bxf2 32.Bxf2 
Qxf2+ 0-1

[Event "HCL-B3787"]
[Site "www.playchess.de"]
[Date "2006.01.21"]
[Round "5"]
[White "Hornblower"]
[Black "arsenic"]
[WhiteElo "1358"]
[BlackElo "1072"]
[PlyCount "49"]
[Result "1-0"]

1.d4 e6 2.c3 d5 3.Nf3 c5 4.dxc5 Bxc5 5.Be3 Bxe3 
6.fxe3 Nf6 7.Nbd2 O-O 8.c4 dxc4 9.Nxc4 Qxd1+ 
10.Rxd1 Bd7 11.Nce5 Ba4 12.b3 Bc6 13.Nd4 Nfd7 
14.Nexc6 bxc6 15.g3 Na6 16.Nxc6 Rfc8 17.Ne7+ Kf8 
18.Nxc8 Rxc8 19.Rxd7 g6 20.Bg2 Nb4 21.O-O Nxa2 
22.Rfxf7+ Kg8 23.Rfg7+ Kf8 24.Rdf7+ Ke8 
25.Rfc7 1-0

[Event "HCL-B3761"]
[Site "www.playchess.de"]
[Date "2006.01.21"]
[Round "10"]
[White "bossjos"]
[Black "thor"]
[WhiteElo "1275"]
[BlackElo "1002"]
[PlyCount "59"]
[Result "1-0"]

1.e4 e6 2.d4 d5 3.exd5 exd5 4.Bd3 Bd6 5.Ne2 c6 
6.Nbc3 Nf6 7.O-O O-O 8.Bg5 Nbd7 9.f4 Qc7 10.Ng3 
Bxf4 11.Bxf4 Qd8 12.Qf3 Re8 13.Rae1 Nf8 14.Bg5 Bg4 
15.Qf2 N8d7 16.Rxe8+ Qxe8 17.Re1 Qf8 18.Nf5 Bxf5 
19.Bxf5 h6 20.Be3 Re8 21.Qg3 Ne4 22.Nxe4 dxe4 
23.Bxd7 Rd8 24.Bf5 Kh8 25.Qh4 Rd5 26.Bxe4 Ra5 
27.a3 Qd6 28.Bf4 Qxd4+ 29.Be3 Qe5 
30.Qd8+ 1-0

[Event "HCL-B3818"]
[Site "www.playchess.de"]
[Date "2006.01.21"]
[Round "1"]
[White "XFast_EddieX"]
[Black "ft211"]
[WhiteElo "1200"]
[BlackElo "1200"]
[PlyCount "29"]
[Result "1-0"]

1.d4 d5 2.e3 Bf5 3.Bd3 Bxd3 4.Qxd3 e6 5.Qb5+ Qd7 
6.Qxb7 Qc6 7.Qb3 Nf6 8.c3 Be7 9.Nf3 O-O 10.Ne5 Qd6 
11.Na3 Nc6 12.Nb5 Qd8 13.Nxc6 Qe8 14.Nxc7 Qc8 
15.Nxe7+ 1-0

[Event "HCL-C4064"]
[Site "www.playchess.de"]
[Date "2006.01.21"]
[Round "10"]
[White "longino"]
[Black "odin"]
[WhiteElo "1163"]
[BlackElo "1200"]
[PlyCount "40"]
[Result "0-1"]

1.c4 e5 2.e3 Nf6 3.g3 d5 4.d3 Bb4+ 5.Bd2 Nc6 6.a3 
Bxd2+ 7.Nxd2 O-O 8.Bg2 Bg4 9.Qc2 dxc4 10.Qxc4 Qd6 
11.Ngf3 Rad8 12.O-O Qxd3 13.Qxd3 Rxd3 14.b4 e4 
15.h3 exf3 16.Nxf3 Bxf3 17.Bxf3 Nd5 18.Rad1 Rxd1 
19.Rxd1 Nde7 20.Rd7 Ne5 0-1

[Event "HCL-A2554"]
[Site "www.playchess.de"]
[Date "2006.01.21"]
[Round "36"]
[White "CYTO"]
[Black "Sobral"]
[WhiteElo "1248"]
[BlackElo "1701"]
[PlyCount "34"]
[Result "0-1"]

1.e4 {hello from tennessee, usa}  c5 2.Nf3 Nc6 
3.d4 cxd4 4.Nxd4 d6 5.Bb5 Bd7 6.Nc3 Nf6 7.Nxc6 
bxc6 8.Bc4 g6 9.Bg5 Bg7 10.Qd2 O-O 11.h4 Be6 
12.Bxe6 fxe6 13.O-O-O Ng4 14.f3 Ne5 15.h5 Nc4 
16.Qd3 Ne5 17.hxg6 Nxd3+ 0-1

[Event "HCL-A2531"]
[Site "www.playchess.de"]
[Date "2006.01.21"]
[Round "4"]
[White "Matu"]
[Black "seisan"]
[WhiteElo "1517"]
[BlackElo "1491"]
[PlyCount "89"]
[Result "1-0"]

1.e4 e5 2.Nf3 Nc6 3.Bc4 Bc5 4.O-O Nf6 5.Nc3 O-O 
6.a4 d6 7.d3 Bg4 8.h3 Bh5 9.g4 Nxg4 10.hxg4 Bxg4 
11.Kg2 Nd4 12.Qd2 Bxf3+ 13.Kg3 Qf6 14.Nb5 Qg6+ 
15.Qg5 Qxg5+ 16.Bxg5 c6 17.Nxd4 Bxd4 18.Kxf3 Bxb2 
19.Rab1 Bd4 20.Rxb7 h6 21.Be3 c5 22.Ke2 a5 23.f4 
Bxe3 24.Kxe3 Rab8 25.Rfb1 Rxb7 26.Rxb7 h5 27.fxe5 
dxe5 28.Ra7 g5 29.Rxa5 Kg7 30.Rxc5 f6 31.Rc7+ Kg6 
32.a5 g4 33.a6 h4 34.Be6 h3 35.Bxg4 h2 36.Bf5+ Kg5 
37.Rh7 Ra8 38.Rxh2 Rxa6 39.Rh7 Rc6 40.c4 Rd6 
41.Rc7 Rd8 42.c5 Rb8 43.c6 Kh5 44.Rh7+ Kg5 
45.c7 1-0

[Event "HCL-C3996"]
[Site "www.playchess.de"]
[Date "2006.01.21"]
[Round "2"]
[White "HoshiX"]
[Black "syrus"]
[WhiteElo "400"]
[BlackElo "800"]
[PlyCount "42"]
[Result "0-1"]

1.d4 d5 2.Nf3 Bg4 3.h3 Bxf3 4.gxf3 Nf6 5.e4 dxe4 
6.fxe4 Nxe4 7.Bb5+ c6 8.Ba4 e6 9.c3 Qh4 10.Qh5 
Qxh5 11.b4 Bd6 12.f3 Qxf3 13.Rf1 Bg3+ 14.Rf2 Qxf2+ 
15.Kd1 O-O 16.Nd2 Nxd2 17.Bxd2 Rd8 18.Bg5 Rd5 
19.Rc1 Rxg5 20.b5 Bf4 21.Rc2 Qf1+ 0-1

[Event "HCL-M840"]
[Site "www.playchess.de"]
[Date "2006.01.21"]
[Round "3"]
[White "aldo"]
[Black "temple"]
[WhiteElo "1873"]
[BlackElo "1794"]
[PlyCount "123"]
[Result "1-0"]

1.c4 e6 {Hello,good luck.}  2.Nf3 Nf6 3.d4 {Hello, 
good luck}  d5 4.Nc3 Be7 5.Bg5 h6 6.Bxf6 Bxf6 7.e3 
O-O 8.cxd5 exd5 9.Qc2 c6 10.Bd3 Bg4 11.Nd2 b5 
12.O-O Na6 13.a3 Rc8 14.h3 Be6 15.b4 Nb8 16.Nb3 
Nd7 17.Ne2 Nb6 18.Nf4 Nc4 19.Nc5 Qd6 20.Ncxe6 fxe6 
21.Bh7+ Kf7 22.Qg6+ Ke7 23.Qg4 Kf7 24.Nxe6 Qxe6 
25.Bf5 Qd6 26.Bxc8 Rd8 27.Bf5 a5 28.Qg6+ Kf8 
29.bxa5 Nxa5 30.Bd3 Nc4 31.a4 b4 32.Rfc1 Na5 
33.Rab1 Be7 34.Qg4 Qf6 35.Bc2 Kg8 36.Rcd1 Rf8 
37.Qe2 Bd6 38.e4 Qf4 39.e5 Be7 40.g3 Qf3 41.Qxf3 
Rxf3 42.Rd3 Rf8 43.f4 Nc4 44.Bb3 Na5 45.Rc1 g6 
46.Rxc6 Nxc6 47.Bxd5+ Kg7 48.Bxc6 Rb8 49.Rb3 Rb6 
50.d5 Bc5+ {Happy New Year!}  51.Kg2 Kf7 52.Kf3 
Bd4 53.Bb5 Bc3 54.Bc4 Ke7 55.Rb1 Rb8 56.Bb3 Rf8 
57.Ke4 Kd7 58.Rd1 Re8 59.d6 h5 60.e6+ Kd8 61.e7+ 
Kd7 62.Bf7 1-0

[Event "HCL-C3985"]
[Site "www.playchess.de"]
[Date "2006.01.21"]
[Round "26"]
[White "Roger_K"]
[Black "valpa"]
[WhiteElo "1132"]
[BlackElo "1082"]
[PlyCount "90"]
[Result "0-1"]

1.e4 d5 2.exd5 Qxd5 3.Nc3 Qa5 4.Nf3 e6 5.Bb5+ c6 
6.Bc4 Nf6 7.O-O Be7 8.a3 Nbd7 9.b4 Qc7 10.Re1 O-O 
11.Ng5 Ne5 12.d4 Nxc4 13.Qd3 b5 14.a4 Nd6 15.Bf4 
Qb7 16.Be5 g6 17.Bxd6 Bxd6 18.Nge4 Nxe4 19.Nxe4 
Bxb4 20.c3 Be7 21.axb5 cxb5 22.Qf3 f5 23.Nd2 Qxf3 
24.Nxf3 Bb7 25.Rxe6 Bd8 26.Rae1 Bxf3 27.gxf3 Bb6 
28.d5 Rac8 29.d6 Rxc3 30.Kg2 Rcc8 31.d7 Rcd8 
32.Rd1 Kg7 33.Re5 Kf7 34.Rxb5 Ke7 35.Re5+ Kf7 
36.Kg3 Kf6 37.f4 Rf7 38.Red5 Ke6 39.Re5+ Kf6 
40.Rd6+ Kg7 41.f3 Bc7 42.Re8 Bxd6 43.Rxd8 Kf6 
44.h4 Ke6 45.Re8+ Kxd7 0-1

[Event "HCL-A2541"]
[Site "www.playchess.de"]
[Date "2006.01.21"]
[Round "9"]
[White "Maillard"]
[Black "ippuli"]
[WhiteElo "1516"]
[BlackElo "1637"]
[PlyCount "87"]
[Result "1-0"]

1.e4 {Bonne partie!}  e5 {Hello! Good luck...}  
2.Nf3 f5 3.Nxe5 Qf6 4.f4 d6 5.Nf3 fxe4 6.Ng5 Qxf4 
7.d4 Qf5 8.Be2 h6 9.Rf1 hxg5 10.Rxf5 Bxf5 11.g4 
Bd7 12.Bxg5 Rxh2 13.Nd2 Nf6 14.Bxf6 gxf6 15.Nxe4 
Rh1+ 16.Bf1 {Happy new year!}  Bb5 {Thank's, same 
to you...}  17.Ng3 Bxf1 18.Nxf1 Rxf1+ 19.Kxf1 Nc6 
20.Qe2+ Be7 21.Re1 O-O-O 22.c3 Kb8 23.b4 a6 24.a4 
Rd7 25.b5 axb5 26.axb5 Na7 27.c4 Nc8 28.Qe6 Rd8 
29.Qf5 Rg8 30.Re6 Bd8 31.Qe4 Rg7 {(offering draw)} 
 32.Kf2 Re7 33.Rxe7 Bxe7 34.Kf3 b6 35.Qc6 Na7 
36.Qe8+ Nc8 {(offering draw)}  37.Kf4 d5 38.cxd5 
Kb7 39.Qc6+ Kb8 40.Kf5 Ka7 41.Qxc7+ Ka8 {Oopps, 
what a blumber!!}  42.Qxc8+ {BLUMBER, a nice word, 
how do you spell it in finnish? FEHLER oder 
SCHNITZER in german...}  Ka7 {Töppi, töppöily, 
töppäys, kämmi, tunarointi... :-))}  43.Qc7+ 
{merci pour la partie et tous les mots...!}  Ka8 
{Thank you!! :)}  44.Qxe7 1-0

[Event "HCL-B3808"]
[Site "www.playchess.de"]
[Date "2006.01.21"]
[Round "20"]
[White "JuliusCaesar"]
[Black "knoppe"]
[WhiteElo "1158"]
[BlackElo "1239"]
[PlyCount "38"]
[Result "0-1"]

1.e4 {Hi again! Have a nice game.}  e5 {thank you, 
:-)}  2.Nf3 f5 3.exf5 Nf6 4.d3 d6 5.Be2 Nc6 6.O-O 
Be7 7.h3 Bxf5 8.Nc3 Qd7 9.Be3 h6 10.a3 g5 11.Nb1 
g4 12.Nfd2 gxh3 13.gxh3 Bxh3 14.Re1 Rg8+ 15.Kh2 
Rg2+ 16.Kh1 O-O-O 17.Bf3 Rg6 18.Nf1 Bxf1 19.Rxf1 
Qh3+ 0-1

[Event "HCL-B3692"]
[Site "www.playchess.de"]
[Date "2006.01.21"]
[Round "3"]
[White "Knedleckaman"]
[Black "knoppe"]
[WhiteElo "1200"]
[BlackElo "1234"]
[PlyCount "93"]
[Result "1-0"]

1.f4 d5 2.Nf3 Nc6 3.e3 Bg4 4.Be2 Nf6 5.d4 e6 6.O-O 
Ne4 7.Nbd2 Be7 8.Ne5 Bxe2 9.Qxe2 f6 10.Nxc6 bxc6 
11.Nxe4 dxe4 12.Bd2 Rb8 13.b3 O-O 14.c4 c5 15.dxc5 
Bxc5 16.Rfd1 Qe7 17.Bc3 Rfd8 18.Kf2 Bb4 19.Bxb4 
Qxb4 20.Rxd8+ Rxd8 21.Rd1 Rxd1 22.Qxd1 Qd6 23.Qxd6 
cxd6 24.Ke2 Kf7 25.g4 Ke7 26.Kd2 Kd7 27.Kc3 Kc6 
28.Kd4 a5 29.a3 f5 30.g5 h6 31.h4 h5 32.b4 a4 
33.c5 g6 34.cxd6 Kxd6 35.b5 Kc7 36.Ke5 Kb6 37.Kxe6 
Kxb5 38.Kf6 Kc4 39.Kxg6 Kb3 40.Kxf5 Kxa3 41.g6 Kb3 
42.g7 a3 43.g8Q+ Kb2 44.Qb8+ Kc2 45.Qc7+ Kb2 
46.Qc4 a2 47.Qxa2+ 1-0

[Event "HCL-A2537"]
[Site "www.playchess.de"]
[Date "2006.01.21"]
[Round "6"]
[White "schlueter"]
[Black "slavi"]
[WhiteElo "1574"]
[BlackElo "1558"]
[PlyCount "69"]
[Result "1-0"]

1.d4 Nf6 2.Nf3 e6 3.e3 d5 4.Bd3 c5 5.c3 Nc6 6.O-O 
c4 7.Bc2 Bd6 8.Nbd2 O-O 9.e4 Bf4 10.e5 Ne8 11.g3 
Bxd2 12.Bxd2 f5 13.exf6 Qxf6 14.Kg2 e5 15.Bg5 Qf7 
16.Nxe5 Nxe5 17.dxe5 h6 18.Be3 b6 19.f4 Be6 20.a4 
Nc7 21.b4 Bf5 22.h3 Qe6 23.g4 Bxc2 24.Qxc2 Rad8 
25.Bd4 Qc6 26.b5 Qb7 27.f5 Rd7 28.h4 Ne8 29.Rae1 
Re7 30.g5 hxg5 31.hxg5 Qd7 32.e6 Qc7 33.Rf3 Qd6 
34.Rh1 Nc7 35.Rfh3 1-0

[Event "HCL-C4054"]
[Site "www.playchess.de"]
[Date "2006.01.21"]
[Round "1"]
[White "Farquhart"]
[Black "mudelta"]
[WhiteElo "570"]
[BlackElo "1125"]
[PlyCount "38"]
[Result "0-1"]

1.e4 e5 2.d3 Nc6 3.Nf3 f5 4.exf5 d5 5.Nc3 Bxf5 
6.Bg5 Be7 7.h3 e4 8.Nh4 g6 9.a4 Qd7 10.Nb5 Bxg5 
11.g3 O-O-O 12.c4 Bxh4 13.gxh4 Nf6 14.cxd5 Qxd5 
15.Rg1 exd3 16.Qd2 Rhe8+ 17.Kd1 Ne4 18.Qf4 Qb3+ 
19.Kc1 Qc2+ 0-1

[Event "HCL-C3882"]
[Site "www.playchess.de"]
[Date "2006.01.21"]
[Round "3"]
[White "danilo_cuiaba"]
[Black "O_Man"]
[WhiteElo "800"]
[BlackElo "1156"]
[PlyCount "74"]
[Result "0-1"]

1.d4 c5 2.dxc5 Qa5+ 3.Nc3 Qxc5 4.e3 d6 5.Nf3 g6 
6.Qd5 Qxd5 7.Nxd5 Kd7 8.Ng5 Nh6 9.Bb5+ Nc6 10.e4 
e6 11.Nf6+ Kc7 12.Ne8+ Kd7 13.Nf6+ Ke7 14.Nfxh7 f6 
15.Nxf8 Kxf8 16.Nxe6+ Bxe6 17.Bxh6+ Rxh6 18.O-O-O 
a6 19.Rxd6 axb5 20.Rxe6 Kf7 21.Rd6 Ra7 22.a3 Ke7 
23.Rhd1 Rxh2 24.R6d7+ Ke8 25.Rg7 Rxg2 26.Rdd7 Rg1+ 
27.Rd1 Rxd1+ 28.Kxd1 g5 29.Rg6 Kf7 30.Rh6 Ra4 
31.f3 Nd4 32.Rh7+ Ke6 33.Rxb7 Nxf3 34.b4 Rxa3 
35.Rb6+ Ke5 36.Rxb5+ Kxe4 37.Ke2 
Nd4+ 0-1

[Event "HCL-E1539"]
[Site "www.playchess.de"]
[Date "2006.01.21"]
[Round "7"]
[White "Matu"]
[Black "ippuli"]
[WhiteElo "1506"]
[BlackElo "1614"]
[PlyCount "42"]
[Result "0-1"]

1.e4 e5 2.Nf3 f5 3.Nxe5 Qf6 4.Nc4 fxe4 5.d3 d5 
6.Qh5+ g6 7.Qxd5 Ne7 8.Qxe4 Nbc6 9.c3 Bf5 10.Qf3 
O-O-O 11.d4 Re8 12.Be2 Qe6 13.O-O h5 14.Bg5 Nd5 
15.Bd3 Bxd3 16.Ne3 Nxe3 17.fxe3 Bxf1 18.Qxf1 Bd6 
19.Nd2 Rhf8 20.Qe2 Bf4 21.Bxf4 Rxf4 {Njamm...} 
 0-1

[Event "HCL-C4040"]
[Site "www.playchess.de"]
[Date "2006.01.21"]
[Round "2"]
[White "Saladin"]
[Black "VITAL"]
[WhiteElo "1451"]
[BlackElo "1272"]
[PlyCount "106"]
[Result "1-0"]

1.g3 e5 2.Bg2 d5 3.Nc3 e4 4.d4 Qf6 5.b3 Bb4 6.Bb2 
c5 7.e3 cxd4 8.Qxd4 Nc6 9.Qxf6 Nxf6 10.Nge2 Bg4 
11.a3 Bd6 12.Nb5 Be5 13.Bxe5 Nxe5 14.Nc7+ Ke7 
15.Nxa8 Rxa8 16.Nd4 Rc8 17.h3 Bf3 18.O-O g6 
19.Rfc1 Bxg2 20.Kxg2 h5 21.f4 Nc6 22.Nxc6+ Rxc6 
23.c3 b5 24.a4 a6 25.axb5 axb5 26.Ra7+ Nd7 27.h4 
Ke6 28.b4 Nf6 29.Ra5 Ng4 30.Rxb5 Nxe3+ 31.Kf2 Nf5 
32.Rc5 Ra6 33.Rc2 e3+ 34.Kf3 Rd6 35.g4 Nxh4+ 
36.Kxe3 hxg4 37.Kf2 Nf5 38.Re2+ Kf6 39.b5 d4 
40.Rc6 g3+ 41.Kg1 dxc3 42.Rxd6+ Nxd6 43.b6 Kf5 
44.Re7 c2 45.Rc7 Kxf4 46.Kg2 f5 47.Rxc2 g5 48.Rc6 
Ke5 49.Kxg3 f4+ 50.Kg4 Nb7 51.Kxg5 f3 52.Kg4 f2 
53.Rc1 Nd6 1-0

[Event "ACL-E202"]
[Site "www.playchess.de"]
[Date "2006.01.21"]
[Round "12"]
[White "ETC_Chess"]
[Black "leobor"]
[WhiteElo "1918"]
[BlackElo "1888"]
[PlyCount "55"]
[Result "1-0"]

1.e4 {Hello and good luck!}  c5 2.Nf3 Nc6 3.d3 g6 
4.g3 Bg7 5.Bg2 d6 6.O-O e6 7.c3 Nge7 8.Be3 O-O 
9.d4 Qb6 10.Na3 d5 11.Qd2 dxe4 12.dxc5 Qd8 13.Nd4 
f5 14.Nab5 Ne5 15.Bg5 Qd7 16.f3 h6 17.Bxh6 Bxh6 
18.Qxh6 exf3 19.Rxf3 Nf7 20.Qh4 e5 21.Re3 a6 
22.Nd6 g5 23.Qh5 exd4 24.cxd4 Kg7 25.Bxb7 Rb8 
26.Rae1 Rxb7 27.R3xe7 Qxe7 28.Rxe7 1-0

[Event "HCL-M868"]
[Site "www.playchess.de"]
[Date "2006.01.21"]
[Round "4"]
[White "AJT"]
[Black "maik42_"]
[WhiteElo "1943"]
[BlackElo "2169"]
[PlyCount "80"]
[Result "0-1"]

1.c4 {Hey, fine match and greetings. Michel}  Nf6 
{thanks have fun}  2.d4 g6 3.Nc3 Bg7 4.e4 d6 5.Be2 
O-O 6.Nf3 Nbd7 7.O-O c6 8.Re1 e5 9.Bf1 a5 10.Rb1 
Qc7 11.d5 Nc5 12.b3 cxd5 13.cxd5 Bg4 14.Bg5 h6 
15.Bxf6 Bxf6 16.Be2 Bg7 17.Nd2 Bd7 18.Bb5 f5 
19.Bxd7 Qxd7 20.exf5 gxf5 21.Nc4 e4 22.Na4 Ra6 
23.Nxc5 {I have to work hard to get a draw versus 
a chess program user. My dad said to me when i was 
a kid:Play always fair and they who aint are 
miserable players.}  dxc5 {so what?}  24.a4 {sore 
guy. if u cannot handle a game by your own do not 
play chess}  Rg6 {u r a lousy dutch loser, nothing 
else}  25.Kh1 {anything better then a cheat.}  Bd4 
26.d6 Kh7 27.Qe2 Rfg8 28.Reg1 Qc6 29.Rbf1 R8g7 
30.Rfe1 Qd5 31.Red1 R6g5 32.g3 Rf7 33.Rge1 Rg6 
34.Qh5 b5 35.axb5 a4 36.Re3 axb3 37.Qe2 f4 38.Rxe4 
fxg3 39.fxg3 Re6 40.Re1 Bc3 0-1

[Event "HCL-B3841"]
[Site "www.playchess.de"]
[Date "2006.01.21"]
[Round "2"]
[White "RUDI"]
[Black "VITAL"]
[WhiteElo "1240"]
[BlackElo "1229"]
[PlyCount "66"]
[Result "0-1"]

1.e4 {Hallo erstmal,...}  e5 {hallo RUDI}  2.Nc3 
Nf6 3.Bc4 Bc5 4.d3 h6 5.Nf3 d6 6.Qd2 Ng4 7.O-O O-O 
8.a3 Nf6 9.Nh4 Nc6 10.Nf5 Bxf5 11.exf5 Nd4 12.Nd5 
Nxd5 13.Bxd5 Nxf5 14.Bxb7 Rb8 15.Be4 Nh4 16.b4 Bb6 
17.c3 d5 18.Bf3 f5 19.Qe2 Qf6 20.g3 Nxf3+ 21.Qxf3 
e4 22.dxe4 dxe4 23.Qe2 Rbe8 24.Bb2 f4 25.Qd2 fxg3 
26.hxg3 Qg6 27.Qd5+ Rf7 28.Rae1 Qxg3+ 29.Kh1 Bxf2 
30.Rxf2 Qxf2 31.Qd1 Qxb2 32.Qd3 Rf2 33.Qd5+ 
Kh8 0-1

[Event "HCL-E1539"]
[Site "www.playchess.de"]
[Date "2006.01.21"]
[Round "35"]
[White "HOTSUN"]
[Black "yannick"]
[WhiteElo "1626"]
[BlackElo "1604"]
[PlyCount "72"]
[Result "0-1"]

1.e4 {hi again}  d6 {hello,good game}  2.d4 
{thanks}  Nf6 3.Nc3 g6 4.Nf3 {in our other league 
im missing a game v almirf. im only playing him 
once but every body else twice.}  Nc6 {I know}  
5.Bb5 Bg4 6.d5 a6 7.Bxc6+ bxc6 8.dxc6 Qb8 9.h3 
Bxf3 10.Qxf3 Qb6 11.Nd5 Qxc6 12.Nxf6+ exf6 13.O-O 
Bg7 14.c3 O-O 15.Re1 Rfe8 16.Bf4 Rab8 17.Re2 f5 
18.exf5 Qxf3 19.Rxe8+ Rxe8 20.gxf3 Re2 21.Rb1 gxf5 
22.Be3 Kf8 23.Kf1 Rc2 24.Ke1 Bxc3+ 25.bxc3 Ke7 
26.a4 Rxc3 27.Rc1 Rxc1+ 28.Bxc1 c5 29.Ke2 d5 
30.Ba3 Kd6 31.Ke3 d4+ 32.Kf4 Kd5 33.Kxf5 {ive 
mucked this up}  c4 {think so}  34.Kf4 c3 35.Bc1 
Kc4 36.Ke4 f5+ 0-1

[Event "HCL-M860"]
[Site "www.playchess.de"]
[Date "2006.01.21"]
[Round "9"]
[White "ipakris"]
[Black "Derek"]
[WhiteElo "2248"]
[BlackElo "2085"]
[PlyCount "61"]
[Result "1/2-1/2"]

1.e4 c5 2.Nf3 {Hello from stockholm, Sweden. I 
hope for a good game. good luck !}  d6 {Hello from 
USA (Virginia)}  3.d4 cxd4 4.Nxd4 Nf6 5.Nc3 a6 
6.Be3 e5 7.Nb3 Be6 8.f3 Nbd7 9.g4 b5 10.g5 b4 
11.Nd5 Nxd5 12.exd5 Bf5 13.Bd3 Bxd3 14.Qxd3 Be7 
15.h4 O-O 16.O-O-O a5 17.Nd2 f5 18.f4 Qc8 19.Kb1 
a4 20.h5 Nc5 21.Qc4 exf4 22.Bxf4 b3 23.cxb3 axb3 
24.Nxb3 Ra4 25.Qe2 Ne4 26.Rd4 Qa8 27.Rxa4 Qxa4 
28.Rg1 Ra8 29.Nc1 Qd4 30.Rd1 Qa4 31.Rg1 {(offering 
draw)}  1/2-1/2

[Event "HCL-B3811"]
[Site "www.playchess.de"]
[Date "2006.01.21"]
[Round "7"]
[White "aidogael"]
[Black "dynamike"]
[WhiteElo "1135"]
[BlackElo "1512"]
[PlyCount "48"]
[Result "0-1"]

1.e4 c5 2.d4 cxd4 3.Qxd4 Nc6 4.Qd1 e6 5.Bd2 Nf6 
6.Nc3 a6 7.Qe2 Qc7 8.O-O-O b5 9.Qe1 Bb7 10.Nf3 d6 
11.Bf4 Be7 12.Kb1 Rc8 13.h3 O-O 14.g4 b4 15.Ne2 
Nxe4 16.Nfd4 Bf6 17.Nxc6 Qxc6 18.c3 Nxc3+ 19.bxc3 
bxc3 20.Kc1 Qc5 21.Bxd6 Qc6 22.Ng3 Rfd8 23.Bb4 
Bg5+ 24.Kb1 c2+ 0-1

[Event "HCL-A2543"]
[Site "www.playchess.de"]
[Date "2006.01.21"]
[Round "30"]
[White "froilo"]
[Black "bossjos"]
[WhiteElo "1386"]
[BlackElo "1202"]
[PlyCount "71"]
[Result "1-0"]

1.Nf3 d5 2.b3 Nf6 3.Bb2 Bg4 4.e3 e6 5.Be2 Nc6 
6.O-O Be7 7.d3 O-O 8.Nbd2 Bxf3 9.Nxf3 Qd7 10.a3 
Rad8 11.b4 a6 12.h3 b5 13.Nh2 d4 14.Ng4 Nxg4 
15.Bxg4 dxe3 16.fxe3 Bg5 17.Qe2 Rfe8 18.Rf3 f5 
19.Bh5 Ref8 20.Rg3 Bh6 21.Rf1 Qd6 22.Qe1 Ne5 23.h4 
Rd7 24.Rh3 Ng4 25.Bxg4 fxg4 26.Rg3 Rxf1+ 27.Kxf1 
Rf7+ 28.Kg1 Qd5 29.Rxg4 Qh5 30.Re4 Qg6 31.Qe2 Qf5 
32.g4 Qg6 33.g5 Bxg5 34.hxg5 Qxg5+ 35.Qg2 Qe7 
36.Rf4 1-0

[Event "HCL-A2559"]
[Site "www.playchess.de"]
[Date "2006.01.21"]
[Round "10"]
[White "guanzi"]
[Black "PLUTARCO"]
[WhiteElo "1633"]
[BlackElo "1700"]
[PlyCount "48"]
[Result "0-1"]

1.c4 e5 2.Nc3 Nf6 3.g3 Nc6 4.Bg2 Bb4 5.Qc2 d6 6.a3 
Nd4 7.Qd3 Bxc3 8.Qxc3 Bd7 9.Bxb7 Rb8 10.Bg2 Rb3 
11.Qa5 Nc2+ 12.Kd1 Nxa1 13.e3 Qb8 14.Nf3 Rb6 15.d4 
Nb3 16.Qc3 Ba4 17.Ke2 Ne4 18.Qd3 Nxc1+ 19.Rxc1 
Rxb2+ 20.Ke1 Nxf2 21.Qf5 g6 22.Qf6 Nd3+ 23.Kf1 
Rf2+ 24.Kg1 Qb2 0-1

[Event "HCL-A2440"]
[Site "www.playchess.de"]
[Date "2006.01.21"]
[Round "1"]
[White "GCP"]
[Black "fighter"]
[WhiteElo "1474"]
[BlackElo "1355"]
[PlyCount "148"]
[Result "0-1"]

1.e4 {hello, have a good game}  e5 2.Nf3 Nf6 3.d4 
Nc6 4.dxe5 Nxe4 5.Bc4 Bc5 6.O-O Nxf2 7.Rxf2 Bxf2+ 
8.Kxf2 d6 9.exd6 cxd6 10.Ng5 Qf6+ 11.Nf3 O-O 12.c3 
Ne5 13.Be2 Ng4+ 14.Kg1 Qg6 15.h3 Ne5 16.Nxe5 dxe5 
17.Bg4 Qb6+ 18.Kh2 e4 19.Qe2 Re8 20.Bxc8 Raxc8 
21.Bf4 e3 22.Na3 Re4 23.g3 Rd8 24.Kg1 Rd2 25.Bxe3 
Rxe3 26.Qxd2 Re2+ 27.Qd4 Qc7 28.Qf4 Qc5+ 29.Kf1 
Rxb2 30.Qb8+ Qf8 31.Qxf8+ Kxf8 32.Nc4 Rc2 33.Nd6 
Rxc3 34.Kg2 Rc7 35.Rb1 b6 36.Re1 g6 37.Re8+ Kg7 
38.Kf3 Rd7 39.Nb5 a6 40.Nc3 b5 41.Ne4 Rd3+ 42.Kf4 
Ra3 43.Ra8 Rxa2 44.Ra7 b4 45.Nd6 Rf2+ 46.Ke3 Rf1 
47.Rxa6 Rg1 48.Kf2 Rh1 49.Kg2 Rd1 50.Ne4 b3 51.Rb6 
f5 52.Nc3 Rd2+ 53.Kf1 b2 54.h4 Rc2 55.Rb7+ Kf6 
56.Rb3 Ke5 57.Ke1 Rxc3 58.Rb5+ Kf6 59.Rxb2 Rxg3 
60.Kf2 Rg4 61.Rb6+ Kg7 62.h5 gxh5 63.Kf3 h4 64.Rb5 
Kg6 65.Rb2 Kg5 66.Rh2 Rg3+ 67.Kf2 Kg4 68.Rh1 h3 
69.Rh2 Rg2+ 70.Rxg2+ hxg2 71.Kxg2 f4 72.Kf2 f3 
73.Kg1 Kg3 74.Kf1 f2 0-1

[Event "HCL-E1525"]
[Site "www.playchess.de"]
[Date "2006.01.21"]
[Round "13"]
[White "richard"]
[Black "Spotsychess"]
[WhiteElo "1755"]
[BlackElo "1474"]
[PlyCount "57"]
[Result "1-0"]

1.e4 e6 2.d4 b6 3.c4 Bb7 4.Nc3 Bb4 5.f3 Ne7 6.Nge2 
O-O 7.a3 Bxc3+ 8.Nxc3 d6 9.Bd3 Nd7 10.O-O c5 11.d5 
e5 12.Bg5 h6 13.Be3 Ng6 14.Qd2 Nf6 15.b4 a6 
16.Rab1 Bc8 17.Ne2 Bd7 18.Ng3 b5 19.bxc5 dxc5 
20.Bxc5 Re8 21.Qe3 Qa5 22.Bb4 Qc7 23.c5 a5 24.Bd2 
Reb8 25.c6 Bxc6 26.Rfc1 Rb6 27.Bxb5 Ne7 28.dxc6 
Nxc6 29.Nf5 1-0

[Event "HCL-M880"]
[Site "www.playchess.de"]
[Date "2006.01.21"]
[Round "1"]
[White "Andrey777"]
[Black "suffix"]
[WhiteElo "1932"]
[BlackElo "2178"]
[PlyCount "42"]
[Result "1/2-1/2"]

1.d4 d5 2.c4 dxc4 3.g3 Nf6 4.Bg2 e6 5.Nf3 c5 6.O-O 
Nc6 7.Qa4 Bd7 8.Qxc4 cxd4 9.Nxd4 Rc8 10.Nc3 Nxd4 
11.Qxd4 Bc5 12.Qh4 Bc6 13.Rd1 Nd7 14.Qxd8+ Kxd8 
15.Ne4 Ke7 16.b3 Bb4 17.Bb2 f6 18.Rd4 a5 19.a3 Bc5 
20.Rd2 Bd5 21.Nxc5 Nxc5 {(offering draw)} 
 1/2-1/2

[Event "HCL-C4067"]
[Site "www.playchess.de"]
[Date "2006.01.21"]
[Round "10"]
[White "mane_twice"]
[Black "trebli"]
[WhiteElo "800"]
[BlackElo "852"]
[PlyCount "31"]
[Result "1-0"]

1.d4 d5 2.Nf3 e6 3.c4 Nf6 4.Nc3 Bd6 5.Bg5 Nbd7 
6.e3 O-O 7.Bd3 c6 8.Qe2 h6 9.Bf4 g5 10.Bxd6 Re8 
11.Ne5 Nxe5 12.Bxe5 Nd7 13.f4 gxf4 14.Qg4+ Kf8 
15.Bxf4 f5 16.Bxh6+ 1-0